000 00454nam a2200181Ia 4500
001 17820
005 20260306171545.0
008 260306s9999||||xx |||||||||||||| ||und||
041 _aESP
082 _a658.3
_bA43 2013
100 _aAlles, Martha Alicia
_eAUT
245 0 _aDirección estratégica de recursos humanos:
_bgestión por competencias
260 _c2013
300 _a
_c
650 _aGEN
654 _aCAN
942 _cLIB
_dJUS
_fJUS
_2ddc
_n
999 _c17820
_d17820